000 002700000a22000970004500
100 1 _aFoulkes, Ricardo
245 1 0 _a"Mi paz os dejo" : Leer Juan 14.27 desde América Central
300 _aVol. 8, Num 1 (1988), Páginas 12-17
773 0 _tVida y pensamiento
942 _cANA
999 _c52828
_d52828